[Event "City of Adelaide"]
[Site "Adelaide"]
[Date "1999.08.03"]
[Round "3.1"]
[White "Kerr, Bill"]
[Black "Sheldrick, Kevin"]
[Result "0-1"]
[WhiteElo "1912"]
[BlackElo "1860"]
[Annotator "Fritz 5.00"]
[PlyCount "50"]
[EventDate "1999.07.20"]
[EventType "swiss"]
[EventRounds "9"]
[EventCountry "AUS"]

1. Nf3 d5 2. c4 d4 {Reti Opening ("Alfred Wolf" Gambit - Benoni Reversed)} 3.
e3 (3. g3 Nc6 (3... g6 4. Bg2 Bg7 5. O-O e5 6. e3 dxe3 7. dxe3 Qd7 8. Nc3 Nf6
9. b3 O-O 10. Bb2 c6 11. Qc1 Rd8 12. Ba3 Qe8 13. Qc2 Bf5 14. e4 Bg4 15. Ne1 Na6
16. h3 Be6 17. Nd3 Nd7 18. Ne2 b6 19. Rad1 Ndc5 {
1/2-1/2 Lerner,K-Gleizerov,E/Oberwart op 1996/EXP 53}) 4. Bg2 e5 5. d3 Nf6 6.
O-O Nd7 7. e3 (7. b3 a5 8. Na3 Be7 9. Nc2 Nc5 10. Rb1 Bg4 11. Bb2 Bh5 12. Ba1
O-O 13. a3 Bf6 14. b4 axb4 15. axb4 Ne6 16. Bb2 Re8 17. Ra1 Qd7 18. b5 Rxa1 19.
Qxa1 Ncd8 20. Qa7 e4 21. dxe4 d3 22. Bxf6 dxc2 23. Bb2 Qd1 24. Qe3 b6 25. h3
Nb7 26. g4 Bg6 27. Ne5 Nbc5 28. Qc1 Rd8 29. Nxg6 hxg6 30. Qe3 g5 31. h4 Qd2 32.
Qxd2 Rxd2 33. hxg5 Rd1 34. e5 Nb3 35. e3 Nd2 {
0-1 Schlosser,P-Ward,C/BL9697 Passau-Wuppertal 1997/BL9697}) 7... Bc5 8. exd4
Nxd4 9. Nbd2 O-O 10. Nb3 Nxb3 11. axb3 c6 12. Bd2 Nf6 13. Nxe5 Bd4 14. Bc3 Bf5
15. Re1 Qd6 16. Qf3 Be6 17. Qf4 Rfd8 18. b4 Bxe5 19. Rxe5 Qxd3 20. Rg5 Ne8 21.
Qe5 Kf8 22. Rxg7 Nxg7 23. Qxg7+ Ke8 24. Re1 Qg6 25. Qe5 Kf8 26. b5 Rac8 27.
bxc6 bxc6 28. h4 Re8 29. Kh2 f6 30. Qd6+ Kf7 31. Rxe6 Rxe6 32. Qd7+ Re7 33.
Qxc8 {1-0 Anand,V-Speelman,J/Geneva CS 1996/EXP 54}) 3... Nc6 4. exd4 Nxd4 5.
Nxd4 Qxd4 6. Nc3 e5 7. Nd5 $15 (7. d3 Nf6 (7... Be6 8. Be3 Qd7 9. d4 exd4 10.
Qxd4 Qxd4 11. Bxd4 O-O-O 12. O-O-O Ne7 13. Ne4 Nf5 14. Bc3 Rxd1+ 15. Kxd1 Be7
16. Bd3 Rd8 17. Ke2 Nd4+ 18. Ke3 c5 19. h4 h6 20. Ng3 Re8 21. Kd2 Rd8 22. Ke3 {
Karkanage,I-Van Riemsdijk,H/Novi Sad olm 1990/TD 90\06/1/2-1/2 (41)}) (7... Bc5
8. Be3 Qd6 9. Bxc5 Qxc5 10. d4 exd4 11. Nb5 a6 12. Nxd4 Ne7 13. Be2 Bh3 14.
gxh3 O-O-O 15. O-O Rxd4 16. Qb3 Nc6 17. Rad1 Rhd8 18. Qe3 Qe5 19. Rxd4 Rxd4 20.
Bg4+ Kb8 21. b3 Re4 22. Qg3 {
Fioramonti,H-Kortschnoj,V/SWZ-chT 1993/TD 93\08/0-1 (68)}) 8. Be3 Qd8 9. d4
exd4 10. Qxd4 Qxd4 11. Bxd4 Be7 12. O-O-O a6 13. Bd3 O-O 14. Rhe1 Bd6 15. Bxf6
gxf6 16. Nd5 Kg7 17. h3 Be6 18. Ne3 Bc5 19. f4 b5 20. f5 Bxc4 21. Bxc4 bxc4 22.
Nxc4 Rad8 23. Kc2 Kh6 24. a3 Kg5 25. b4 Bf2 26. Rxd8 Rxd8 27. Re7 c5 28. bxc5
Bxc5 29. Rxf7 h5 30. Rc7 Bd4 31. Rc6 Kxf5 32. Rxa6 Rg8 33. Ra5+ Be5 34. g4+
hxg4 35. hxg4+ Ke6 36. Ne3 Bd4 37. Ra6+ Kd7 38. Nd5 Rxg4 39. Nxf6+ Bxf6 40.
Rxf6 Kc7 41. Kb3 Kb7 42. Rd6 Ka7 43. Rc6 Kb7 44. Rc5 Kb6 45. Rc8 Kb7 {
1/2-1/2 Lehmitz,G-Jacobowitz,J/Dresden op 1993/TD 93\06}) (7. Nb5 Qd7 $11) 7...
Bd6 8. d3 Be6 9. Be3 $17 (9. Qb3 Bxd5 10. Be3 Qh4 11. cxd5 Qb4+ 12. Qxb4 Bxb4+
13. Ke2 Nf6 $17) 9... Qxb2 10. Rb1 Qxa2 11. Ra1 Qb2 12. Rb1 Qa3 13. Ra1 Bb4+
14. Ke2 (14. Nxb4 $142 Qxb4+ 15. Bd2 $17) 14... Qb2+ 15. Kf3 Bxd5+ $17 (15...
Bd6 $142 $5 $19) 16. cxd5 Bd6 17. d4 e4+ (17... Nf6 18. Qa4+ Kd8 19. dxe5 Qxe5
20. Rd1 $19) 18. Kxe4 Nf6+ 19. Kf3 O-O 20. Bc4 Rfd8 21. Qd3 Qb6 22. Rhb1 Bb4
23. d6 $19 (23. Ra4 a5 24. Bd2 Nxd5 25. Bxd5 Rxd5 26. Rbxb4 Qc6 $19) 23... Qxd6
(23... cxd6 {is the weaker alternative} 24. d5 Qc7 25. Rxb4 $16) (23... Rxd6 $6
{is clearly worse} 24. Qb3 Qc6+ 25. Ke2 $17) 24. Bf4 $4 {
the position was bad, and this mistake simply hastens the end} (24. Qb3 $142 a5
25. Bxf7+ Kf8 26. Qe6 $19) 24... Qc6+ 25. d5 Nxd5 (25... Nxd5 26. Qe4 f5 $19 (
26... Nxf4 $6 27. Qxc6 bxc6 28. Rxb4 $19)) 0-1

[Event "City of Adelaide"]
[Site "Adelaide"]
[Date "1999.08.03"]
[Round "3.3"]
[White "Riches, L John"]
[Black "Djelaj, Pasko"]
[Result "0-1"]
[WhiteElo "1720"]
[BlackElo "1701"]
[Annotator "Fritz 5.00"]
[PlyCount "88"]
[EventDate "1999.07.20"]
[EventType "swiss"]
[EventRounds "9"]
[EventCountry "AUS"]

1. d4 Nf6 2. c4 e6 3. Nc3 Be7 4. Bg5 d5 5. cxd5 Nxd5 {
Queen's Gambit (Main Line, Deviations)} (5... exd5 6. e3 c6 (6... Nbd7 7. Nf3
O-O 8. Bd3 Re8 9. Qc2 Nf8 10. h3 c6 11. O-O-O a5 12. Kb1 a4 13. Nxa4 Qa5 14. b3
b5 15. Nc5 Bxc5 16. Bxf6 Bb4 17. Bh4 Re6 18. Rhe1 Bxe1 19. Rxe1 b4 20. Rc1 Ba6
21. Ne1 c5 22. dxc5 Nd7 23. Bxa6 Rexa6 24. Nd3 Qb5 25. a4 bxa3 26. c6 Nf8 27.
Be7 Ne6 28. Ka2 R6a7 29. Bd6 Rd8 30. Bg3 Rc8 31. Qc3 h5 32. Nf4 Nd8 33. Qc5
Qxc5 34. Rxc5 Nxc6 35. Ka1 Ra5 36. Rxd5 Nb4 37. Rd1 h4 38. Bh2 Rc2 {
0-1 Anastasian,A-Lputian,S/Erevan 1996/TUR 96}) (6... h6 7. Bh4 O-O 8. Bd3 Nbd7
9. Nge2 b6 10. O-O c5 11. Rc1 Bb7 12. Bb1 c4 13. f3 Re8 14. Bf2 a6 15. Ng3 Bd6
16. Re1 b5 17. a3 Qb6 18. Nf5 Bc7 19. Qd2 a5 20. a4 b4 21. Nb5 Bb8 22. e4 dxe4
23. d5 Qa6 24. d6 Bc6 25. Ne7+ Kf8 26. Nxc6 Qxc6 27. Qd4 Ne5 28. Bxe4 Nxe4 29.
Rxe4 f6 30. f4 Nf7 31. Rxe8+ Qxe8 32. d7 Qd8 33. Re1 Be5 34. fxe5 Nxe5 35. Qd5
{1-0 Sadler,M-Burmakin,V/Oberwart op 1996/EXP 53}) 7. Qc2 Be6 8. Bd3 Nh5 9.
Bxe7 Qxe7 10. Nge2 g6 11. O-O O-O 12. Na4 Nd7 13. Nc5 Nxc5 14. Qxc5 Qxc5 15.
dxc5 Ng7 16. Nd4 Bd7 17. b4 Ne6 18. Nb3 b6 19. Rfc1 a5 20. a4 Rfb8 21. cxb6
Rxb6 22. Nxa5 Rxb4 23. Nxc6 Bxc6 {
1/2-1/2 Onischuk,A-Seirawan,Y/Wijk op 1995/TUR 95}) 6. Bxe7 Qxe7 7. e4 (7. Nf3
Nxc3 8. bxc3 Nd7 9. e4 e5 10. Bd3 O-O 11. O-O c5 12. dxe5 Nxe5 13. Nxe5 Qxe5
14. Qc2 Qe7 15. e5 h6 16. Rae1 Rb8 17. Qe2 Be6 18. f4 c4 19. Bb1 Qc5+ 20. Kh1
f5 21. exf6 Rxf6 22. Rd1 b5 23. Qe4 Bf5 24. Qe5 Qf8 25. Rd4 Kh8 26. h3 Re8 27.
Qc7 Qe7 28. Qa5 Qe2 29. Rg1 Bxh3 30. Qxb5 Bxg2+ {
0-1 Sadler,M-Ziatdinov,R/Dublin Telecom 1991/TD 91\08}) 7... Nb6 $14 (7... Nxc3
8. bxc3 O-O 9. Nf3 Rd8 (9... c5 10. Be2 {
1/2-1/2 Krumm,J-Ramroth,S/RL-op Trier 1992/GER 05}) 10. Bd3 c5 11. O-O cxd4 12.
cxd4 b6 13. Re1 Bb7 14. Qe2 Nc6 15. Qe3 Rac8 16. Rac1 Nb4 17. Bb1 Nc6 18. Red1
Qd6 19. h4 Ne7 20. h5 f5 21. d5 Rxc1 22. Rxc1 exd5 23. exf5 Nc6 24. Ng5 h6 25.
Ne6 Rd7 26. Re1 Re7 27. f6 Rf7 {
1-0 Munoa da Silva,E-Hartung,J/WchJM-U16 Guarapuava 1995/JUN 95}) (7... Nxc3 8.
bxc3 e5 9. Bd3 $11) 8. Nf3 c6 $14 {Prevents intrusion on b5} (8... O-O 9. Qc2
$11) 9. Bd3 O-O 10. O-O N8d7 11. Rc1 $11 (11. a4 a5 $14) 11... Rd8 12. Re1 $11
(12. e5 Nd5 $14) 12... Nf8 $14 (12... e5 13. d5 $11) 13. Qe2 $11 (13. e5 Nd5
$14) 13... Ng6 14. Qe3 e5 15. dxe5 (15. Nxe5 Nxe5 16. dxe5 Qxe5 $11) 15... Nxe5
(15... Bg4 16. Be2 $11) 16. Nxe5 Qxe5 17. f4 Qe7 18. f5 {This push gains space}
f6 19. Kh1 Nd7 20. Bc4+ Kh8 21. Rcd1 Re8 22. a3 $17 (22. Rd4 $5 $15 {
is interesting}) 22... Nb6 23. Ba2 Bxf5 24. a4 Bg6 25. a5 Nd7 26. Bb1 Ne5 27.
Rd4 h6 28. h3 Qc5 $17 (28... b6 29. axb6 axb6 30. Qf2 $19) 29. b4 Qe7 30. Red1
Bf7 31. Qf2 $19 (31. Na4 Rad8 $17) 31... b6 32. Rd6 bxa5 33. bxa5 {
Opening the b-file gets Black a lot of play} Rab8 34. Qd4 (34. Ba2 Bd5 35. Qc5
Bxa2 36. Nxa2 Rb5 $19) 34... Be6 (34... Bb3 35. Rd2 $19) 35. Ne2 (35. Ba2 Bd5
36. Qc5 Bxa2 37. Nxa2 Rb5 $19) 35... Qc7 36. Rc1 (36. Nf4 Bb3 37. Rc1 Qxa5 $19)
36... Qxa5 37. Nf4 Bg8 38. Qf2 Qb6 39. Qh4 Qc7 40. Rdxc6 (40. Rdd1 $19) 40...
Nxc6 41. Ng6+ Kh7 42. e5 Rxb1 $1 {
a fitting end to a beautiful game. Threatening mate: Rxc1} (42... fxe5 $6 {
is a useless try} 43. Nf8+ Kh8 44. Ng6+ Kh7 45. Nf8+ Kh8 46. Ng6+ Kh7 $11) 43.
Qe4 (43. Rxb1 {a last effort to resist the inevitable} Bf7 44. Nf4 $19) 43...
Rxc1+ 44. Kh2 {Black now must not overlook the idea Nf8} Bf7 (44... Bf7 45.
Nf4+ Kh8 $19) (44... Nxe5 45. Nf4+ g6 46. Qb4 Bd5 47. Qa4 Nd3 48. h4 Nxf4 49.
Qd7+ Qxd7 50. h5 Nxh5 51. g4 Rh1#) 0-1

[Event "City of Adelaide"]
[Site "Adelaide"]
[Date "1999.08.03"]
[Round "3.4"]
[White "Thiyagarajah, Anand"]
[Black "Rigo, Bernard"]
[Result "1-0"]
[WhiteElo "1115"]
[BlackElo "1694"]
[Annotator "Fritz 5.00"]
[PlyCount "89"]
[EventDate "1999.07.20"]
[EventType "swiss"]
[EventRounds "9"]
[EventCountry "AUS"]

1. e4 e5 2. Nf3 Nf6 3. Nxe5 d6 4. Nf3 Nxe4 {Petroff's Defence} 5. Bc4 (5. Bb5+
c6 6. Qe2 Qe7 7. O-O Nf6 8. Re1 Qxe2 9. Bxe2 Be7 10. c4 O-O 11. Nc3 Re8 12. d4
Na6 13. a3 Nc7 14. h3 Bf5 {1/2-1/2 Zaitsev,I-Kochyev,A/Moscow-B 1988/TD 88\01})
(5. Be2 d5 6. O-O Bd6 7. d3 Nf6 8. Bg5 O-O 9. Nc3 c6 10. Re1 Bf5 11. Qd2 Re8
12. Bf4 Qc7 13. Bxd6 Qxd6 14. Nd4 Bg6 15. a4 Nbd7 16. a5 a6 17. Nb3 Re6 18. Bf1
Rae8 19. Rxe6 fxe6 {Camano,C-Ginzburg,M/ARG-ch 1994/TD 94\03/0-1 (31)}) (5. d4
d5 6. Bd3 Nc6 (6... Bd6 7. O-O O-O 8. c4 c6 9. cxd5 cxd5 10. Nc3 Nxc3 11. bxc3
Bg4 12. Rb1 b6 13. Rb5 Bc7 14. h3 a6 15. Rb1 Bh5 16. Re1 Nc6 17. Bg5 Qd6 18.
Bh4 b5 19. Bg3 Qd8 20. a4 Bxg3 21. fxg3 Bxf3 22. Qxf3 bxa4 23. Re2 Qa5 24. Ra2
Rab8 25. Rba1 Rb3 26. Ra3 Rxa3 27. Rxa3 Ne5 28. Bxh7+ Kxh7 29. Qh5+ Kg8 30.
Qxe5 Qb5 31. Qe1 Re8 32. Qd1 Qb2 33. Rxa4 Qxc3 34. Kh2 Re1 35. Qg4 Qc1 {
0-1 Ye Jiangchuan-Meijers,V/Bern op 1995/EXP 46}) 7. O-O Be7 8. c4 (8. Re1 Bf5
9. Nc3 Nxc3 10. bxc3 Be6 11. Rb1 Rb8 12. Bf4 O-O 13. Qd2 Re8 14. Re3 Bd6 15.
Bxd6 Qxd6 16. Rbe1 f6 17. c4 Bf7 18. Rxe8+ {
1/2-1/2 Szmetan,J-Sorokin,M/Siembra Villa Ballester op 1996/EXP 51}) 8... Nb4
9. Be2 O-O 10. Nc3 Be6 11. Be3 Bf5 12. Rc1 dxc4 13. Bxc4 c6 14. Ne5 Nxc3 15.
bxc3 Nd5 16. Qf3 Be6 17. Bd2 Bg5 18. Bxg5 Qxg5 19. g3 Rfe8 20. Rfe1 Qf5 21. Qe2
Nf6 22. Bd3 Qh3 23. Qb2 Re7 24. Bf1 Qf5 25. Nd3 Bd5 26. Nf4 Qd7 27. Qa3 Re4 28.
c4 Rxe1 29. Rxe1 Be4 30. Nh5 Qxd4 31. Nxf6+ gxf6 32. Qe7 f5 33. Qxb7 Rd8 34.
Qc7 h6 35. Re3 Kg7 36. h4 Rd7 37. Qf4 Qa1 38. Rxe4 fxe4 39. Qg4+ {
1-0 Zhang Zhong-Xie Jianjun/Beijing Lee Cup 1996/EXP 54}) 5... d5 6. Bb3 $146 (
6. Qe2 Be7 7. Bb3 Nc5 8. O-O O-O 9. Re1 Nxb3 10. axb3 Bf6 11. Nc3 c6 12. d3 Bg4
13. Ra4 Bh5 14. Qe3 b5 15. Rf4 Na6 16. Ne2 Re8 17. Qd2 Nc7 18. Ng3 Bxf3 19.
Rxf3 Ne6 20. c3 Qd7 {Germann,S-Sperling,C/BLW 1992/BIG 90/1/2-1/2 (48)}) 6...
Nc6 7. d3 Nc5 8. O-O Bg4 9. Qe1+ Be7 10. Ne5 Be6 $11 (10... Nxe5 11. Qxe5 Nxb3
12. axb3 $15) 11. Nxc6 bxc6 12. Bf4 O-O 13. Nc3 (13. Qe3 Re8 $11) 13... Bf6 (
13... Re8 14. Qd2 $15) 14. Be5 Re8 15. Bxf6 $15 (15. f4 Bf5 $11) 15... Qxf6 ({
Worse is} 15... gxf6 16. f4 $14) 16. Qd2 Bd7 (16... d4 17. Ne2 $11) 17. Rfe1
Ne6 18. Rab1 Nf4 19. Ne2 g5 $16 (19... Rxe2 $142 $5 {
should be examined more closely} 20. Rxe2 a5 $11) 20. Nxf4 gxf4 21. d4 $14 (21.
Qa5 Rac8 $16) 21... Kh8 22. c3 (22. Qc3 Rg8 $14) 22... f3 23. g3 $15 (23. Rxe8+
Rxe8 24. Re1 Rxe1+ 25. Qxe1 fxg2 $14) 23... Rg8 $16 (23... Qf5 $142 {
and Black can hope to live} 24. Rxe8+ Rxe8 $15) 24. Re5 Rg4 $18 (24... Rae8 25.
Rbe1 $16) 25. Rh5 $4 $19 {throws away the game} (25. Rbe1 $142 $18) 25... Bf5
$14 (25... Qg6 $142 {and Black has it in the bag} 26. Re5 Qxb1+ 27. Re1 Qf5 $19
) 26. Re1 Re4 27. Rxe4 Bxe4 28. Rh6 $14 (28. Re5 Rg8 $16) 28... Bg6 29. Rh4 $11
(29. Bd1 Re8 30. h3 Re4 $16) 29... Re8 30. Bd1 Qg5 $16 (30... Qf5 $5 {
should be considered} 31. h3 Qb1 $11) 31. Rf4 (31. Qxg5 $4 {
White will choke on that} Re1#) 31... Be4 $18 (31... Bh5 32. h4 Qh6 33. Qd3 $14
) 32. Qe1 $16 (32. Qe3 $5 $18) 32... Re6 33. Rxf7 $4 $19 {
letting the wind out of his own sails} (33. h4 $142 Qg6 34. b3 $16) 33... Qg6
$4 $15 {gives the opponent new chances} (33... Bf5 $142 {
Black has a promising position} 34. Qf1 Qd2 35. Rxf5 Re1 36. Rxf3 Rxf1+ 37.
Kxf1 Qxd1+ 38. Kg2 Qb1 39. Rf8+ Kg7 $19) 34. Rxc7 Bd3 {The mate threat is Rxe1}
35. Qd2 Be2 $4 $18 {Black has let it slip away} (35... Qe4 $142 {
the rescuing straw} 36. Qe3 Qf5 37. Rc8+ Kg7 $11) 36. Rc8+ (36. Bc2 $142 $5 {
and White can already relax} Qf6 37. Rxh7+ Kg8 $18) 36... Re8 37. Bc2 {
Threatening mate: Bxg6} Qf7 (37... Qe6 {desperation} 38. Rc7 Re7 $18) 38. Rxc6
(38. Qf4 $142 {and the result of the game is clear: White will win} Qxf4 39.
Rxe8+ (39. gxf4 $143 Rxc8 40. Kh1 c5 $19) 39... Kg7 40. gxf4 $18) 38... Re6 (
38... Qf8 {is the last straw} 39. h3 Bc4 $18) 39. Rxe6 (39. Rc8+ $142 {
and the rest is a matter of technique} Re8 40. Qf4 Qxf4 41. Rxe8+ (41. gxf4 $2
Rxc8 42. Bb3 Rg8+ 43. Kh1 Bc4 $19) 41... Kg7 42. gxf4 $18) 39... Qxe6 {
Threatening mate... how?} 40. Qe3 Qh3 (40... Qf6 $18 {
otherwise it's curtains at once}) 41. Qe8+ (41. Qe5+ Kg8 42. Qxd5+ Kg7 43. Qe5+
Kf8 44. Qf6+ Ke8 45. Ba4+ Qd7 46. Qe6+ Kf8 47. Bxd7 Bc4 48. Qxc4 h5 49. Qc5+
Kf7 50. Qxh5+ Kg7 51. Be6 a5 52. Qf7+ Kh6 53. Bf5 Kg5 54. Qg6#) 41... Kg7 {
The mate threat is Qg2} 42. Qe5+ Kf8 43. Qf5+ Qxf5 44. Bxf5 Ke7 (44... Bc4 {
does not save the day} 45. b3 Bb5 46. Bxh7 $18) 45. Bxh7 (45. Bxh7 Bc4 46. a3
$18) 1-0

[Event "City of Adelaide"]
[Site "Adelaide"]
[Date "1999.08.03"]
[Round "3.5"]
[White "Brown, Cyril D"]
[Black "Hester, David"]
[Result "0-1"]
[WhiteElo "1272"]
[BlackElo "1623"]
[Annotator "Fritz 5.00"]
[PlyCount "112"]
[EventDate "1999.07.20"]
[EventType "swiss"]
[EventRounds "9"]
[EventCountry "AUS"]

1. e4 e6 2. d3 c5 3. Nd2 Nc6 4. Ngf3 g6 5. g3 Bg7 6. Bg2 {
Reti Opening (Dutch System)} Nge7 7. O-O O-O 8. Re1 d6 9. c3 Rb8 (9... b6 10.
a3 (10. a4 Ba6 11. Nc4 Qd7 12. Bf4 e5 13. Bd2 Rab8 14. h4 Rfe8 15. b4 cxb4 16.
cxb4 b5 17. axb5 Bxb5 18. Qb3 d5 19. Ne3 dxe4 20. dxe4 Nd4 21. Nxd4 exd4 22.
Nd5 Nxd5 23. exd5 {1/2-1/2 Sorokin,G-Arakelian,E/Kstovo op 1994/EXP 42}) 10...
Qc7 11. h4 h6 12. Nf1 Ne5 13. N3h2 Ba6 14. c4 b5 15. f4 N5c6 16. cxb5 Bxb5 17.
h5 Rac8 18. hxg6 fxg6 19. Nf3 Kh7 20. Be3 e5 21. Rc1 exf4 22. gxf4 Qd7 23. Qd2
Rf7 24. Ng3 Rcf8 25. f5 Nd4 26. Bxd4 cxd4 27. Bh3 Qd8 28. Re2 Kh8 29. Rh2 Bd7
30. Nh4 g5 31. Nf3 Nc6 32. Bg4 Kg8 33. Bh5 Re7 34. Bg6 g4 35. Nh5 Be5 36. Qxh6
Bxh2+ 37. Kxh2 Ne5 38. Nxe5 dxe5 39. Rg1 Bxf5 40. Bxf5 {
1-0 Todorcevic,M-Cabrilo,G/Pancevo 1987/TD 87\06}) 10. Rb1 $146 (10. h4 h6 11.
Nf1 b5 12. Be3 b4 13. c4 Bxb2 14. Bxh6 Bxa1 15. Qxa1 e5 16. Bxf8 Qxf8 17. Ne3
a5 18. Qd1 Bd7 19. h5 gxh5 20. Nh4 Nd4 21. Qxh5 Qg7 22. Nhf5 Bxf5 23. exf5 Kf8
24. Be4 a4 25. Kg2 Ng8 26. Qd1 b3 27. Qd2 Qg5 28. axb3 axb3 29. Rb1 Rb4 30. Qc3
Nf6 31. Qa1 Kg7 32. Qa8 Qh5 33. Qd8 Nxe4 34. dxe4 Qf3+ 35. Kh3 Qh5+ 36. Kg2
Qf3+ 37. Kh3 Qh5+ 38. Kg2 Qf3+ 39. Kh3 {
1/2-1/2 Larsen,B-Ujtumen,T/Palma de Mallorca izt 1970/IZT}) (10. a4 b6 (10...
a6 11. Nf1 b5 12. axb5 axb5 13. d4 cxd4 14. cxd4 Bd7 15. Bf4 e5 16. dxe5 dxe5
17. Bg5 Bg4 18. N1d2 Qd7 19. Nb3 Qxd1 20. Rexd1 Rfd8 21. h3 Bxf3 22. Bxf3 h6
23. Be3 Nd4 24. Nxd4 exd4 25. Bf4 {
Schroeder,C-Groenegress,W/BL 8283 1983/BL 80/1-0 (58)}) 11. Nf1 Ba6 12. Ne3 Ne5
13. Nxe5 dxe5 14. Bf1 Qd7 15. Qc2 Rbd8 16. Nc4 Nc6 17. Bg5 Rc8 18. Rad1 Qc7 19.
Bg2 h6 20. Be3 Rcd8 21. Bf1 Rd7 22. Ra1 Kh7 23. a5 b5 24. Nd2 Nd8 {
Kaminski,M-Da Silva,R/Moscow olm 1994/EXP 44/1-0 (71)}) (10. h3 b5 11. Nb3 e5
12. d4 exd4 13. cxd4 c4 14. d5 Nb4 15. Nbd4 Nd3 16. Re2 Nxc1 17. Qxc1 Qb6 18.
Qd2 b4 19. Ree1 a5 20. Rac1 Ba6 21. h4 Rbc8 22. h5 Rfe8 23. hxg6 hxg6 24. Bh3
Rc7 25. Kg2 Qc5 26. Ne6 c3 27. bxc3 bxc3 28. Qf4 Qa7 29. Rh1 Nxd5 30. exd5 fxe6
31. Bxe6+ Rxe6 32. dxe6 Bb7 33. Rhe1 Re7 34. Qxd6 Bf6 35. Rxc3 Kg7 36. Rd3 Qa8
37. Qf4 g5 38. Qf5 Bc8 39. Rh1 Bxe6 40. Rh7+ Kg8 41. Qxf6 {
1-0 Luethgens,E-Wolf,V/BL2-W 1995/BL2}) (10. Nf1 b5 11. Bd2 b4 12. Qc2 a5 13.
Ne3 Ba6 14. Ng4 Qb6 15. e5 dxe5 16. Ngxe5 Nxe5 17. Nxe5 Rbd8 18. Nc4 Qa7 19.
Rad1 Rd7 {1/2-1/2 Steinruecken,B-Hanewinkel,W/Dortmund op 1987/TD 87\03}) 10...
b5 11. Nf1 b4 {Black gains space} 12. cxb4 Rxb4 13. b3 a5 14. Bd2 Rb8 15. Bg5
Ba6 16. Bxe7 (16. a3 f6 17. Bc1 Qd7 $11) 16... Qxe7 17. Ne3 $17 (17. a3 Rb6 $15
) 17... Nb4 18. Nc4 Bxc4 (18... Nxa2 19. Qd2 Nb4 20. Rbc1 $19) 19. dxc4 Nxa2
20. Qc2 Nb4 21. Qd2 Nc6 22. h4 Rb4 23. Qe2 Rfb8 24. Qc2 (24. Qa2 Qc7 $19) 24...
Bd4 (24... Nd4 $5 25. Nxd4 Bxd4 26. Kh2 $19) 25. Kf1 Qf6 26. Ng5 $2 (26. Red1
$142 $19) 26... h6 27. Nf3 Kg7 (27... a4 $142 $5 {might be the shorter path}
28. Qc1 h5 29. Rd1 $19) 28. Nh2 $2 (28. Red1 $142 $19) 28... g5 $17 (28... Ne5
$142 {secures victory} 29. f4 a4 $19) 29. Ng4 Qe7 30. hxg5 Qxg5 31. Ne3 (31. e5
Nxe5 32. Nxe5 dxe5 $19) 31... Bxe3 32. Rxe3 Nd4 33. Qa2 a4 34. f4 Qg4 35. Qf2
Rxb3 36. Rbxb3 Rxb3 (36... Nxb3 $6 37. Bf3 Qg6 38. Rd3 $19) 37. Rxb3 (37. Qd2 {
doesn't change the outcome of the game} Rxe3 38. Qxe3 Qd1+ 39. Kf2 Qc2+ 40. Kg1
Qb3 41. Qxb3 Nxb3 $19) 37... Qd1+ 38. Qe1 Qxe1+ (38... Qxb3 39. e5 Qxc4+ 40.
Kf2 $19) 39. Kxe1 axb3 (39... Nxb3 $142 {secures the point} 40. Kd1 a3 $19) 40.
e5 (40. Bf1 {does not improve anything} Kg6 $19) 40... dxe5 41. fxe5 b2 (41...
Kg6 {and Black can already relax} 42. Be4+ Kg5 43. Kd2 $19) 42. Be4 Nf3+ 43.
Kd1 Nxe5 44. Kc2 Nxc4 45. Bd3 Ne5 (45... Ne3+ {keeps an even firmer grip} 46.
Kxb2 Kf6 47. Kc3 $19) 46. Be2 Kg6 47. Kxb2 Kf5 48. Kc3 Ke4 49. Bh5 (49. Kd2 {
doesn't get the cat off the tree} Nf3+ 50. Kc3 Ke3 $19) 49... Ke3 50. Bd1 Kf2
51. Kd2 Kxg3 52. Ke3 f5 53. Be2 Ng4+ 54. Kd3 Kf4 (54... e5 $142 $5 {
seems even better} 55. Kd2 h5 56. Bf1 $19) 55. Bd1 (55. Kd2 $19 {
is one last hope}) 55... h5 (55... Nf2+ $142 {and Black takes home the point}
56. Kd2 Nxd1 57. Kxd1 $19) 56. Kc4 (56. Bb3 {
there is nothing better in the position} c4+ 57. Kxc4 $19) 56... Ne3+ (56...
Ne3+ 57. Kxc5 Nxd1 $19) 0-1